|
|
|
|
| LEADER |
00000cam a22000004a 4500 |
| 001 |
musev2_78293 |
| 003 |
MdBmJHUP |
| 005 |
20230905052058.0 |
| 006 |
m o d |
| 007 |
cr||||||||nn|n |
| 008 |
990414t19991999nhu o 00 0 eng d |
| 010 |
|
|
|z 99030392
|
| 020 |
|
|
|a 9781684580590
|
| 020 |
|
|
|z 9780874519488
|
| 035 |
|
|
|a (OCoLC)1287098705
|
| 040 |
|
|
|a MdBmJHUP
|c MdBmJHUP
|
| 100 |
1 |
|
|a Cohen, Naomi W.
|q (Naomi Wiener),
|d 1927-
|e author.
|
| 245 |
1 |
0 |
|a Jacob H. Schiff :
|b A Study in American Jewish Leadership /
|c Naomi W. Cohen.
|
| 264 |
|
1 |
|a Hanover :
|b Published by University Press of New England [for] Brandeis University Press,
|c [1999]
|
| 264 |
|
3 |
|a Baltimore, Md. :
|b Project MUSE,
|c 2021
|
| 264 |
|
4 |
|c ©[1999]
|
| 300 |
|
|
|a 1 online resource (336 pages):
|b portrait ;
|
| 336 |
|
|
|a text
|b txt
|2 rdacontent
|
| 337 |
|
|
|a computer
|b c
|2 rdamedia
|
| 338 |
|
|
|a online resource
|b cr
|2 rdacarrier
|
| 490 |
0 |
|
|a Brandeis series in American Jewish history, culture, and life
|
| 505 |
0 |
0 |
|g 1.
|t The Making of a Leader --
|g 2.
|t Leadership and Philanthropy --
|g 3.
|t The New Immigrants --
|g 4.
|t Captivity and Redemption --
|g 5.
|t In Search of a Refuge --
|g 6.
|t The World at War --
|t Questions of Loyalty --
|t Questions of Leadership --
|t Questions of Zionism and Unity --
|g 7.
|t The End of an Era.
|
| 520 |
|
|
|a A study emphasizing the role that Jacob Schiff played as the preeminent leader of American Jewry at the turn of the century.
|
| 588 |
|
|
|a Description based on print version record.
|
| 600 |
1 |
7 |
|a Schiff, Jacob H.
|q (Jacob Henry),
|d 1847-1920.
|2 nli
|
| 600 |
1 |
7 |
|a Schiff, Jacob H.
|q (Jacob Henry),
|d 1847-1920
|2 fast
|0 (OCoLC)fst00190165
|
| 600 |
1 |
4 |
|a Schiff, Jacob H.
|q (Jacob Henry),
|d 1847-1920.
|
| 600 |
1 |
0 |
|a Schiff, Jacob H.
|q (Jacob Henry),
|d 1847-1920.
|
| 650 |
|
7 |
|a Jews
|z United States
|x Politics and government
|y 20th century.
|2 nli
|
| 650 |
|
7 |
|a Philanthropists
|z United States
|v Biography.
|2 nli
|
| 650 |
|
7 |
|a Jewish capitalists and financiers
|z United States
|v Biography.
|2 nli
|
| 650 |
|
7 |
|a Jews
|z United States
|v Biography.
|2 nli
|
| 650 |
1 |
7 |
|a Joden.
|2 gtt
|
| 650 |
|
7 |
|a Philanthropists.
|2 fast
|0 (OCoLC)fst01060593
|
| 650 |
|
7 |
|a Jews
|x Politics and government.
|2 fast
|0 (OCoLC)fst00983330
|
| 650 |
|
7 |
|a Jews.
|2 fast
|0 (OCoLC)fst00983135
|
| 650 |
|
7 |
|a Jewish capitalists and financiers.
|2 fast
|0 (OCoLC)fst00982682
|
| 650 |
|
0 |
|a Jews
|z United States
|x Politics and government.
|
| 650 |
|
0 |
|a Philanthropists
|z United States
|v Biography.
|
| 650 |
|
0 |
|a Jewish capitalists and financiers
|z United States
|v Biography.
|
| 650 |
|
0 |
|a Jews
|z United States
|v Biography.
|
| 651 |
|
7 |
|a United States.
|2 fast
|0 (OCoLC)fst01204155
|
| 651 |
|
0 |
|a United States
|v Biography.
|
| 655 |
|
7 |
|a Biographies.
|2 lcgft
|
| 655 |
|
7 |
|a Biographies.
|2 fast
|0 (OCoLC)fst01919896
|
| 655 |
|
7 |
|a Electronic books.
|2 local
|
| 710 |
2 |
|
|a Project Muse.
|e distributor
|
| 830 |
|
0 |
|a Book collections on Project MUSE.
|
| 856 |
4 |
0 |
|z Texto completo
|u https://projectmuse.uam.elogim.com/book/78293/
|
| 945 |
|
|
|a Project MUSE - Custom Collection
|